000 00507nam a2200193 a 4500
001 1765892290032
003 YourLibrary
005 20251222113022.0
008 251216s1988##################000#0#eng##
020 _a9780521368551
082 0 4 _a230.14092
_bMAR
100 1 _aMarkus, R. A.,
_eauthor.
245 1 0 _aSaeculum :
260 _bCambridge University Press,
_c1988.
300 _a288 pages
650 0 _aBiography & Autobiography.
942 _cENGLISH
040 _aYourLibrary
_beng
_cYourLibrary
999 _c603809
_d603809